000 00656nam a2200217Ia 4500
005 20250508154626.0
008 008 250505s9999 xx 000 0 eng d
037 _aTextual
040 _aFEDL
_beng
_cFEDL
041 _aeng
_2eng
084 _a155.2, BYR
_qFEDL
100 _aByrne Donn Ed.
_984471
245 0 _aPersonality research: A book of readings
260 _aEnglewood Cliffs, New Jersey, USA
_bPrentice - Hall
_c1966
300 _axiii,411p
490 _aPrentice - Hallpsychology series
650 _aPersonality
700 _a Hamilton Marshall L. Ed.
_9765761
942 _cTEXL
_h155.2, BYR
999 _c1351288
_d1351288